| 000 | 00874nam a22002057a 4500 | ||
|---|---|---|---|
| 999 |
_c18710 _d18710 |
||
| 003 | AR-CdUCM | ||
| 008 | 190515b ||||| |||| 00| 0 spa d | ||
| 040 |
_aMUNICIPALIDAD PROVINCIAL DEL CUSCO _cBIBLIOTECA MUNICIPAL DEL CUSCO |
||
| 082 |
_a327.85 / _bO74 |
||
| 100 |
_aOrtiz de Zevallos Paz-Soldan, Carlos. _939453 |
||
| 245 | _aLa misión la torres en Bolivia (1831-1835) / | ||
| 260 |
_aLima : _bMinisterio de Relaciones Exteriores del Perú, _c1971. |
||
| 300 |
_a825 páginas ; _c22 cm. |
||
| 505 | _aContenido : Correspondencia de la cancillería Peruana a su legacion en Bolivia -- Correspondencia de la cancillería Peruana a su legacion en Chile -- Correspondencia de la cancillería Peruana en Bolivia a su cancillería ... | ||
| 650 |
_aBolivia. _91138 |
||
| 650 |
_aPerú. _935 |
||
| 650 |
_aChile. _91150 |
||
| 942 |
_2ddc _cLIBROS |
||
| 945 |
_arum _d2019-05-15 |
||